000 00258nam a22001217a 4500
008 170222b xxu||||| |||| 00| 0 eng d
041 _aeng
080 _24TH
_a616.31
100 _a5
101 _aSHS
245 _aORAL PATHOLOGY
_cKERR, D.A
942 _2udc
_cBK
999 _c6032
_d6032